000 00738nam a2200289Ia 4500
005 20260324131341.0
008 008 260324s9999 xx 000 0 eng d
020 _a9780203965047
037 _aEBOOK
040 _aCRL
040 _beng
040 _cCRL
041 _2eng
041 _aeng
084 _qCRL
100 _aRob Moore; Madeleine Arnot; John Beck; Harry Daniels
_91185186
245 0 _aKnowledge, Power and Educational Reform
245 0 _bApplying the Sociology of Basil Bernstein
260 _bTaylor and Francis
260 _c2006
365 _a
365 _b240
856 _uhttp://www.taylorfrancis.com/books/9780203965047
942 _cEBOOK
999 _c1782245
_d1782245